| 000 | 00569nam a2200217Ia 4500 | ||
|---|---|---|---|
| 003 | OSt | ||
| 005 | 20230412111009.0 | ||
| 008 | 210423s2004 xx 000 0 und d | ||
| 020 | _a8180520714 | ||
| 040 | _cAL | ||
| 041 | _aeng | ||
| 082 | _a658.4 HARL | ||
| 100 |
_aHART (Lois B);WAISMAN (Charlotte S). _986756 |
||
| 245 | _aFifty activities for developing leaders. . | ||
| 260 |
_aNew Delhi _bAne Books _c2004 |
||
| 300 |
_axv,319 _bPB |
||
| 365 |
_b795 _cINR |
||
| 440 | _v2 | ||
| 906 | _aactivities ; developing ; Fifty ; leaders. ; V2. | ||
| 942 |
_2ddc _cBK |
||
| 999 |
_c159584 _d159584 |
||